| 000 | 00711cam a2200229 a 4500 | ||
|---|---|---|---|
| 001 | 000003778 | ||
| 005 | 20200929150551.0 | ||
| 008 | 950330s1996 tnu 000 f spa | ||
| 020 | _a0881133833 | ||
| 040 |
_aDO-SdBNP _bspa _cBNPHU |
||
| 041 | 1 | 7 |
_aspa _heng |
| 082 |
_a819.3 _bP437j |
||
| 100 | 1 |
_aPeretti, Frank E. _d1951- _911495 |
|
| 240 | 1 | 4 |
_aThe oath. _lEspañol. |
| 245 | 1 | 3 |
_aEl juramento / _cFrank Peretti ; traducción, Eugenio Orellana. |
| 260 |
_aTennessee, Estados Unidos : _bCaribe, _c1996. |
||
| 300 |
_a[569] p. ; _c21 cm. |
||
| 534 |
_aTítulo original: _pThe oath. |
||
| 650 | 4 |
_aNovela canadiense _97990 |
|
| 650 | 4 |
_aLiteratura canadiense _911496 |
|
| 700 | 1 |
_aOrellana, Eugenio, _etr. _911497 |
|
| 999 |
_c3600 _d3600 |
||